| 000 | 00740nam a22001937a 4500 | ||
|---|---|---|---|
| 999 |
_c16709 _d16709 |
||
| 003 | AR-CdUCM | ||
| 008 | 190504b ||||| |||| 00| 0 spa d | ||
| 040 |
_aMUNICIPALIDAD PROVINCIAL DEL CUSCO _cBIBLIOTECA MUNICIPAL DEL CUSCO |
||
| 082 |
_a860.7 / _bSO66 |
||
| 100 |
_aSoldevilla, Fernando _935850 |
||
| 245 |
_aCompendio de literatura general y de historia : _bde la literatura Española / |
||
| 260 |
_aParís : _bCasa Editora Garnier Hermanos. |
||
| 300 |
_a314 páginas ; _c18.5 cm. |
||
| 505 | _aContenido: Primera parte: De la literatura en general -- Segunda parte: Compendio de la historia de la literatura española. | ||
| 650 |
_aLiteratura _983 |
||
| 650 |
_aEspaña _9176 |
||
| 942 |
_2ddc _cLIBROS |
||
| 945 |
_aachl _d2019-05-04 |
||